Etudes de philosophie grecque / (Record no. 131173)

MARC details
000 -LEADER
campo de control de longitud fija 00608nam a2200193 i 4500
001 - NÚMERO DE CONTROL
campo de control 131173
003 - IDENTIFICADOR DE NÚMERO DE CONTROL
campo de control ES-MaACL
005 - FECHA Y HORA DE LA ÚLTIMA TRANSACCIÓN
campo de control 20251003191632.0
007 - CAMPO FIJO DE DESCRIPCIÓN FÍSICA--INFORMACIÓN GENERAL
campo de control de longitud fija t|
008 - DATOS DE LONGITUD FIJA--INFORMACIÓN GENERAL
campo de control de longitud fija 070214s1926 fr r ||||1| fre d
100 1# - ENTRADA PRINCIPAL--NOMBRE DE PERSONA
Nombre de persona Rodier, Georges.
9 (RLIN) 98138
245 10 - MENCIÓN DEL TÍTULO
Título Etudes de philosophie grecque /
Mención de responsabilidad, etc. Georges Rodier ; avec un préface de M. Etienne Gilson.
260 ## - PUBLICACIÓN, DISTRIBUCIÓN, ETC.
Lugar de publicación, distribución, etc. Paris :
Nombre del editor, distribuidor, etc. [s.n.],
Fecha de publicación, distribución, etc. 1926.
300 ## - DESCRIPCIÓN FÍSICA
Extensión VIII, 354 p. ;
Dimensiones 23 cm.
650 #7 - PUNTO DE ACCESO ADICIONAL DE MATERIA--TÉRMINO DE MATERIA
Término de materia o nombre geográfico como elemento de entrada Filosofía griega
Fuente del encabezamiento o término embne
9 (RLIN) 12849
700 1# - ENTRADA AGREGADA--NOMBRE PERSONAL
Nombre de persona Gilson, Étienne,
Fechas asociadas al nombre 1884-1978
9 (RLIN) 57015
852 ## - LOCALIZACIÓN
Ubicación ES-MaACL
Número de control de estantería F-15141
Sublocalización o colección R.18821
Holdings
Estatus retirado Estado de pérdida Estado de daño No para préstamo Biblioteca de origen Biblioteca actual Ubicación en estantería Fecha de adquisición Fuente de adquisición Total de préstamos Signatura topográfica completa Código de barras Visto por última vez Precio de reemplazo Tipo de ítem Koha
        Biblioteca del Ateneo de Madrid Biblioteca del Ateneo de Madrid Sala Pecera Planta 2 17/01/2008     F-15141 1136564 23/02/2023 23/02/2023 Libro impreso